Movies Quiz

Random Movies or Famous Quiz

Ad-libs Made Famous Quiz Stats

Quiz Updated May 22, 2017

Challenge
Share
Tweet
Embed
Score 0/22 Timer 06:00
2 Plays Today
Ad-libbed Quote Movie Title % Correct
Heeere's Johnny!The Shining
78.3%
Here's looking at you, kid.Casablanca
74.9%
You're gonna need a bigger boat.Jaws
70.6%
Hey Malkovich, think fast!Being John Malkovich
64.3%
You talkin' to me?Taxi Driver
62.3%
Leave the gun. Take the cannoli.The Godfather
61.3%
...But, why male models?Zoolander
59%
Cinderella story. Outta nowhere. A former greenskeeper, now, about to become the Masters champion. It looks like a mirac- It's in the hole! It's in the hole!Caddyshack
55.4%
What do you mean I'm funny?Goodfellas
46.6%
I'm walking here! I'm walking here!Midnight Cowboy
25.6%
Mein F├╝hrer! I can walk!Dr. Strangelove or: How I Learned to Stop Worrying and Love the Bomb
25.1%
Ad-libbed Quote Movie Title % Correct
My wife used to fart in her sleep.Good Will Hunting
23.2%
I can't see a thing in this helmet!Star Wars: Episode IV A New Hope
21.7%
These are people of the land. The common clay of the new West.
You know... morons.
Blazing Saddles
17.8%
You mustn't be afraid to dream a little bigger, darling.Inception
15.5%
It just be raining black people in New York!Men in Black
15%
All those moments will be lost in time... like tears in rain...
Time to die.
Blade Runner
14.9%
Well, there's the usual things: flowers, chocolates, promises you don't intend to keep.Beauty and the Beast
12.1%
I don't know, I'm making this up as I go!Raiders of the Lost Ark
10.6%
Wait a minute. I didn't eat the salmon mousse!Monty Python's Meaning of Life
7.3%
In Switzerland they had brotherly love - they had 500 years of democracy and peace, and what did that produce? The cuckoo clock.The Third Man
6.4%
Because I just went gay all of a sudden!Bringing Up Baby
3.6%

You're not logged in!

Compare scores with friends on all Sporcle quizzes.
Sign Up with Email
OR
Log In

You Might Also Like...

Show Comments

Extras

Top Quizzes Today


Score Distribution

Your Account Isn't Verified!

In order to create a playlist on Sporcle, you need to verify the email address you used during registration. Go to your Sporcle Settings to finish the process.